000 005350000a22001930004500
001 31841
010 _a972-9035-76-8
090 _a31841
100 _a20130604d2001 m y0pory5003 ba
101 0 _apor
102 _aPT
200 1 _aSementes de país novo
_epoemas
_fJoão Gomes
210 _aLisboa
_cMultinova
_d2001
215 _a112 p
225 2 _aPalavras de honra
675 _a821.134.3-1
_vBN
_zpor
700 1 _aGomes
_bJoão
942 _cMON
_n0
999 _a31841
_bBibliobase - BMTAV
_c2019-01-21